Danish Baby Girl Names by Decade - Statistics

General Stats
  • This quiz has been taken 905 times
  • The average score is 44 of 110
Answer Stats
Answer % Correct
Anna
85%
Emma
74%
Anne
72%
Maria
72%
Sofie
71%
Marie
70%
Sara
65%
Lis
62%
Laura
53%
Julie
49%
Christina
47%
Hanna
47%
Ida
47%
Caroline
44%
Karen
44%
Louise
44%
Charlotte
41%
Mette
40%
Elisabeth
39%
Margrethe
37%
Line
36%
Hanne
35%
Margrethe
35%
Inge
34%
Susanne
34%
Camilla
33%
Mathilde
33%
Freja
32%
Kirsten
31%
Tina
30%
Ellen
29%
Grethe
28%
Helle
28%
Pia
28%
Birgit
26%
Else
26%
Pernille
26%
Rikke
26%
Cecilie
25%
Lene
25%
Lone
25%
Johanne
24%
Marianne
24%
Heidi
23%
Stine
23%
Ruth
22%
Gitte
21%
Bente
20%
Inger
20%
Kristine
20%
Edith
17%
Birthe
16%
Tove
16%
Jette
14%
Kirstine
14%
Ingeborg
12%
Elisabeth
8%
No matching quizzes found
Score Distribution
Percent of People with Each Score
Percentile by Number Answered
Your Score History
You have not taken this quiz